A gazdasági társaságok jelenlegi helyzete a magyar jogrendszerben

Elmentve itt :
Bibliográfiai részletek
Szerző: Fekete József István
További közreműködők: Nagyné Dr. Terhes Irén (Témavezető)
Dokumentumtípus: Szakdolgozat
Megjelent: 2004
Tárgyszavak:
Online Access:http://diploma.bibl.u-szeged.hu/103883
LEADER 00907nta a2200217 i 4500
001 dipl103883
005 20210120080542.0
008 210118s2004 hu om 0|| zxx d
040 |a SZTE Diploma Repozitórium  |b hun 
041 |a zxx 
100 1 |a Fekete József István 
245 1 2 |a A gazdasági társaságok jelenlegi helyzete a magyar jogrendszerben  |h [elektronikus dokumentum] /  |c József István Fekete 
260 |c 2004 
650 4 |a Pedagógusképzés 
650 4 |a Social sciences 
650 4 |a Media and communications 
650 4 |a Media and socio-cultural communication 
650 4 |a Cultural studies, cultural diversity 
700 2 |a Nagyné Dr. Terhes Irén  |e ths 
856 4 0 |u http://diploma.bibl.u-szeged.hu/id/eprint/103883/1/2004_fekete_jozsef_istvan.pdf  |z Dokumentum-elérés  
856 4 0 |u http://diploma.bibl.u-szeged.hu/id/eprint/103883/2/2004_fekete_jozsef_istvan_melleklet.zip  |z Dokumentum-elérés